[Event "WLS-ch Major"]
[Site "Cardiff"]
[Date "2005.03.27"]
[Round "5"]
[White "Khanna, Perry"]
[Black "Williams, Douglas"]
[Result "1-0"]
[WhiteElo "1574"]
[BlackElo "1473"]
[PlyCount "119"]
[EventDate "2005.03.25"]
[EventType "swiss"]
[EventRounds "7"]
[EventCountry "WLS"]
[SourceTitle "EXT 2006"]
[Source "ChessBase"]
[SourceDate "2005.11.24"]
[SourceVersion "1"]
[SourceVersionDate "2005.11.24"]
[SourceQuality "1"]

1. e4 d6 2. d4 Nf6 3. Bd3 g6 4. c4 Bg7 5. f4 c5 6. d5 Na6 7. a3 Nc7 8. Nc3 0-0 9. Nf3 Bg4 10. 0-0 e6 11. Qe1 exd5 12. cxd5 a6 13. Qh4 b5 14. Nd1 Re8 15. Nf2 Bd7 16. g4 Nxg4 17. Nxg4 Qxh4 18. Nxh4 Bxg4 19. Rb1 c4 20. Bc2 Bd4+ 21. Kg2 Be2 22. Re1 Bh5 23. Bd2 Rad8 24. f5 Bf6 25. Kh3 g5 26. Ng2 Bf3 27. Ne3 h5 28. Nf1 g4+ 29. Kg3 h4+ 30. Kf2 h3 31. Bf4 Bh4+ 32. Bg3 Bxg3+ 33. Kxg3 Kh7 34. Nd2 Bg2 35. Kxg4 Rg8+ 36. Kf4 f6 37. Bd1 Ne8 38. Re3 Ng7 39. Rc1 Rh8 40. Rcc3 Kg8 41. Rg3 Kf7 42. b3 Rh4+ 43. Rg4 Rxg4+ 44. Bxg4 cxb3 45. Nxb3 Re8 46. Rc7+ Re7 47. Rxe7+ Kxe7 48. Nd4 Bf1 49. Be2 Bg2 50. Nc6+ Kd7 51. Nb8+ Kc7 52. Nxa6+ Kb7 53. Bxb5 Nh5+ 54. Kg4 Bxe4 55. Kxh5 Bxd5 56. Kg6 Kb6 57. a4 Bb3 58. Kxf6 d5 59. Ke5 Bc4 60. f6 1-0

[Event "WLS-ch Major"]
[Site "Cardiff"]
[Date "2005.03.25"]
[Round "1"]
[White "Hunt, William"]
[Black "Williams, Douglas"]
[Result "0-1"]
[WhiteElo "1806"]
[BlackElo "1473"]
[PlyCount "132"]
[EventDate "2005.03.25"]
[EventType "swiss"]
[EventRounds "7"]
[EventCountry "WLS"]
[SourceTitle "EXT 2006"]
[Source "ChessBase"]
[SourceDate "2005.11.24"]
[SourceVersion "1"]
[SourceVersionDate "2005.11.24"]
[SourceQuality "1"]

1. e4 d6 2. d4 Nf6 3. Nc3 g6 4. Nf3 Bg7 5. Be2 c5 6. dxc5 Qa5 7. 0-0 Qxc5 8. Be3 Qa5 9. Qd2 Nc6 10. Bh6 0-0 11. Bxg7 Kxg7 12. Nd4 a6 13. Nb3 Qc7 14. f3 b5 15. Rad1 Bb7 16. Bd3 Rac8 17. f4 b4 18. Nd5 Nxd5 19. exd5 Qb6+ 20. Kh1 Na5 21. Rf3 Nxb3 22. axb3 Bxd5 23. Rh3 f5 24. Qe1 e6 25. Qh4 Rh8 26. Qe7+ Kg8 27. Bc4 Qc7 28. Qxc7 Rxc7 29. Bxd5 exd5 30. Rd2 Kf7 31. Rhd3 Rhc8 32. g3 Rxc2 33. Rxd5 Rxd2 34. Rxd2 Ke6 35. Kg2 d5 36. Kf3 Kd6 37. Ke3 Re8+ 38. Kd3 Re1 39. Kd4 Re4+ 40. Kd3 Re1 41. Kd4 Rf1 42. Ke3 Rc1 43. Kd4 a5 44. Ke3 Kc5 45. Ke2 d4 46. Kd3 Re1 47. Rc2+ Kd5 48. Rd2 Re3+ 49. Kc2 Ke4 50. Rf2 d3+ 51. Kd2 Kd4 52. Kd1 Re6 53. Kd2 Rc6 54. Kd1 Ke3 55. Rd2 h6 56. Rg2 Kf3 57. Rd2 Rd6 58. Ke1 Ke3 59. Kd1 g5 60. fxg5 hxg5 61. Ke1 Rc6 62. Kd1 f4 63. gxf4 gxf4 64. h4 Rc2 65. Rxc2 dxc2+ 66. Kxc2 f3 0-1

[Event "Gwent-ch"]
[Site "Pontypool"]
[Date "2002.09.21"]
[Round "3"]
[White "Williams, Stephen M"]
[Black "Williams, Douglas"]
[Result "1-0"]
[WhiteElo "1691"]
[BlackElo "1578"]
[PlyCount "69"]
[EventDate "2002.09.21"]
[EventType "swiss"]
[EventRounds "5"]
[EventCountry "WLS"]
[SourceTitle "EXT 2006"]
[Source "ChessBase"]
[SourceDate "2005.11.24"]
[SourceVersion "1"]
[SourceVersionDate "2005.11.24"]
[SourceQuality "1"]

1. d4 Nf6 2. Nf3 d6 3. c4 Bf5 4. Nc3 Nbd7 5. Nh4 Bg6 6. Nxg6 hxg6 7. e4 e5 8. d5 Nc5 9. f3 a5 10. Be3 Ncd7 11. Qa4 b6 12. Be2 Be7 13. 0-0-0 0-0 14. Kb1 Nc5 15. Qc2 Qd7 16. g4 Rfb8 17. h4 Na6 18. h5 gxh5 19. g5 Nh7 20. Rxh5 g6 21. Rh2 Kg7 22. Qd2 Rh8 23. Rdh1 Nc5 24. Bf1 c6 25. dxc6 Qxc6 26. Nd5 Bd8 27. Rh3 f5 28. gxf6+ Bxf6 29. Rxh7+ Rxh7 30. Rxh7+ Kxh7 31. Nxf6+ Kg7 32. Nd5 Ne6 33. Bh3 Nc5 34. Bh6+ Kf7 35. Qg5 1-0

[Event "WLS-ch"]
[Site "Cardiff"]
[Date "1995.??.??"]
[Round "5"]
[White "Williams, Douglas"]
[Black "Dyce, Andrew"]
[Result "0-1"]
[WhiteElo "2010"]
[BlackElo "2160"]
[PlyCount "52"]
[EventDate "1995.??.??"]
[EventType "swiss"]
[EventRounds "6"]
[EventCountry "WLS"]
[SourceTitle "EXT 2001"]
[Source "ChessBase"]
[SourceDate "2000.11.22"]
[SourceVersion "1"]
[SourceVersionDate "2000.11.22"]
[SourceQuality "1"]

1. d4 Nf6 2. c4 e6 3. Nc3 Bb4 4. g3 0-0 5. Bg2 d5 6. a3 Bxc3+ 7. bxc3 dxc4 8. Qa4 Bd7 9. Qxc4 Bc6 10. Nf3 Nbd7 11. 0-0 Bd5 12. Qb4 a5 13. Qb2 Nb6 14. Ne5 Bxg2 15. Kxg2 Qd5+ 16. f3 Nfd7 17. e4 Qd6 18. Bf4 Nxe5 19. Bxe5 Qc6 20. Rfb1 Nc4 21. Qxb7 Nxe5 22. dxe5 Qxc3 23. Rc1 Qd2+ 24. Kh3 Rab8 25. Qxc7 Rb2 26. Qe7 Qxh2+ 0-1

[Event "Isle of Man op"]
[Site "Isle of Man"]
[Date "1994.??.??"]
[Round "3"]
[White "Ludgate, Alan Templeton"]
[Black "Williams, Douglas"]
[Result "1/2-1/2"]
[WhiteElo "2275"]
[BlackElo "2010"]
[PlyCount "50"]
[EventDate "1994.09.??"]
[EventType "swiss"]
[EventRounds "9"]
[EventCountry "IOM"]
[SourceTitle "EXT 1997"]
[Source "ChessBase"]
[SourceDate "1996.11.15"]
[SourceVersion "1"]
[SourceVersionDate "1996.11.15"]
[SourceQuality "1"]

1. c4 e6 2. Nf3 f5 3. g3 Nf6 4. Bg2 Be7 5. 0-0 0-0 6. d3 d6 7. b3 Nc6 8. Bb2 a5 9. Nc3 Qe8 10. e3 e5 11. d4 Kh8 12. a3 Bd8 13. Qc2 Qh5 14. dxe5 dxe5 15. Nd5 e4 16. Nf4 Qh6 17. Nd2 Kg8 18. f3 exf3 19. Bxf3 Ng4 20. Bxg4 fxg4 21. Nd5 Rxf1+ 22. Rxf1 Bg5 23. Qc3 Bd7 24. Ne4 Re8 25. Nxg5 Qxg5 1/2-1/2

[Event "Isle of Man op"]
[Site "Isle of Man"]
[Date "1994.??.??"]
[Round "8"]
[White "Williams, Douglas"]
[Black "Spanton, Timothy"]
[Result "0-1"]
[WhiteElo "2010"]
[BlackElo "2080"]
[PlyCount "60"]
[EventDate "1994.09.??"]
[EventType "swiss"]
[EventRounds "9"]
[EventCountry "IOM"]
[SourceTitle "EXT 1997"]
[Source "ChessBase"]
[SourceDate "1996.11.15"]
[SourceVersion "1"]
[SourceVersionDate "1996.11.15"]
[SourceQuality "1"]

1. c4 e6 2. g3 Nf6 3. Bg2 c5 4. Nf3 Nc6 5. 0-0 d5 6. cxd5 exd5 7. a3 Bg4 8. d3 Be7 9. Nbd2 0-0 10. b3 Qd7 11. Bb2 Bh3 12. Rc1 Bxg2 13. Kxg2 b6 14. Re1 d4 15. Nc4 Rad8 16. a4 Qd5 17. Qd2 Ng4 18. Kg1 f5 19. Rb1 f4 20. Qc2 fxg3 21. hxg3 Bd6 22. Nxd6 Rxd6 23. Qc4 Nb4 24. Rbc1 Qxc4 25. bxc4 Nxd3 26. exd3 Rxf3 27. Rc2 Rdf6 28. Ree2 Rxd3 29. Re4 Rd1+ 30. Kg2 d3 0-1